स्त्रीत्व के बंधना / (Record no. 13513)

MARC details
000 -LEADER
fixed length control field 01053nam a22002417a 4500
005 - DATE AND TIME OF LATEST TRANSACTION
control field 20080609102050.0
008 - FIXED-LENGTH DATA ELEMENTS--GENERAL INFORMATION
fixed length control field 080609t xxu||||| |||| 00| f hin d
010 ## - LIBRARY OF CONGRESS CONTROL NUMBER
LC control number HIN-83437
020 ## - INTERNATIONAL STANDARD BOOK NUMBER
International Standard Book Number 9788190621779
Terms of availability 300.00
035 ## - SYSTEM CONTROL NUMBER
System control number HN-55783
037 ## - SOURCE OF ACQUISITION
Source of stock number/acquisition DBAD / PUB
040 ## - CATALOGING SOURCE
Original cataloging agency DPL
Language of cataloging HN
082 ## - DEWEY DECIMAL CLASSIFICATION NUMBER
Classification number उ / अरोड़ा
100 ## - MAIN ENTRY--PERSONAL NAME
Personal name अरोड़ा, आशा
245 ## - TITLE STATEMENT
Title स्त्रीत्व के बंधना /
Statement of responsibility, etc आशा अरोड़ा
246 ## - VARYING FORM OF TITLE
Title proper/short title Stritva ke bandhan
Remainder of title by Asha Arora
260 ## - PUBLICATION, DISTRIBUTION, ETC. (IMPRINT)
Place of publication, distribution, etc जयपुर
Name of publisher, distributor, etc अरावली प्रकाशन
Date of publication, distribution, etc 2008
270 ## - ADDRESS
Address सी-37, बर्फखाना, राजापार्क
City जयपुर
300 ## - PHYSICAL DESCRIPTION
Extent 247पृ
Dimensions 22सेमी (सजिल्द)
650 ## - SUBJECT ADDED ENTRY--TOPICAL TERM
Topical term or geographic name as entry element Hindi Novels
942 ## - ADDED ENTRY ELEMENTS (KOHA)
Source of classification or shelving scheme Dewey Decimal Classification
Koha item type Hindi Books
Classification part
Call number suffix अरोड़ा
Holdings
Withdrawn status Lost status Damaged status Not for loan Home library Current library Date acquired Source of acquisition Cost, normal purchase price Total Checkouts Full call number Barcode Date last seen Copy number Cost, replacement price Price effective from Koha item type
      Not For Loan D.B.Act.Division D.B.Act.Division 11/06/2008 पु.प्र.अ.प्र /प्रका 300.00   उ अरोड़ा HN-55783 15/09/2008 1 300.00 15/09/2008 Hindi Books

© Delhi Public Library
Hit Counter
free hit counter